[Event "Budapest FS02 Nadassy"]
[Site "Budapest"]
[Date "2022.02.06"]
[Round "2"]
[White "Bagi, Lajos"]
[Black "Monduk, Ferenc"]
[Result "0-1"]
[WhiteElo "1773"]
[BlackElo "1848"]
[PlyCount "104"]
[EventDate "2022.02.05"]
[EventType "schev"]
[EventRounds "10"]
[EventCountry "HUN"]
[SourceTitle "EXT 2023"]
[Source "ChessBase"]
[SourceDate "2022.10.05"]
[SourceVersion "1"]
[SourceVersionDate "2022.10.05"]
[SourceQuality "1"]
[WhiteTeam "B Team Lower Elo"]
[BlackTeam "A Team Higher Elo"]
[WhiteTeamCountry "HUN"]
[BlackTeamCountry "HUN"]

1. d4 Nf6 2. Nf3 g6 3. g3 Bg7 4. Bg2 0-0 5. Nbd2 d6 6. e4 c5 7. c3 cxd4 8. cxd4 Nc6 9. 0-0 e5 10. d5 Nb4 11. a3 Nd3 12. Qc2 Nxc1 13. Raxc1 Ne8 14. Nh4 Bh6 15. Rcd1 Bd7 16. Qb3 b6 17. Nc4 Rc8 18. Ne3 Rc5 19. Rfe1 Qc7 20. Bf1 Nf6 21. f3 Rc8 22. Nhg2 b5 23. h4 Qb6 24. Kh2 a5 25. g4 a4 26. Qb4 Bf8 27. Bd3 Be7 28. Qd2 R5c7 29. Nc2 Kh8 30. Nb4 Qd4 31. Qe2 Qb6 32. Kg3 Bf8 33. Qd2 Qd4 34. Kh2 Bg7 35. Ne3 Qb6 36. Kg2 h5 37. Qe2 hxg4 38. fxg4 Bh6 39. Rf1 Bf4 40. g5 Nh5 41. Ng4 Ng3 42. Qf3 Nxf1 43. Rxf1 Bxg4 44. Qxg4 Qe3 45. h5 Rg8 46. hxg6 Rxg6 47. Qh3+ Qxh3+ 48. Kxh3 Rxg5 49. Rxf4 exf4 50. e5 dxe5 51. Nc6 f5 52. Kh4 Rg4+ 0-1

[Event "Budapest FS08 Nadassy"]
[Site "Budapest"]
[Date "2020.08.09"]
[Round "8.1"]
[White "Bagi, Lajos"]
[Black "Mayer, Istvan"]
[Result "0-1"]
[WhiteElo "1777"]
[BlackElo "1888"]
[PlyCount "116"]
[EventDate "2020.08.01"]
[EventType "team-schev"]
[EventRounds "14"]
[EventCountry "HUN"]
[SourceTitle "EXT 2021"]
[Source "ChessBase"]
[SourceDate "2020.10.23"]
[SourceVersion "1"]
[SourceVersionDate "2020.10.23"]
[SourceQuality "1"]
[WhiteTeam "Team 2"]
[BlackTeam "Team 1"]
[WhiteTeamCountry "HUN"]
[BlackTeamCountry "HUN"]

1. d4 d5 2. Nf3 Nf6 3. Nbd2 g6 4. e3 Bg7 5. Bb5+ Nbd7 6. Bd3 c5 7. c3 e5 8. dxe5 Ng4 9. 0-0 0-0 10. h3 Ngxe5 11. Bc2 b5 12. Qe2 a5 13. Rd1 Qb6 14. Nxe5 Nxe5 15. Rb1 b4 16. c4 dxc4 17. Nxc4 Nxc4 18. Qxc4 Be6 19. Qh4 Bxa2 20. Ra1 b3 21. Bb1 Rad8 22. Rf1 Bxb1 23. Rxb1 Qb5 24. e4 Qe2 25. Be3 c4 26. Rfe1 Qh5 27. Qxh5 gxh5 28. Bb6 Ra8 29. e5 a4 30. Bc5 Rfc8 31. Bb4 Bf8 32. Bc3 Bh6 33. Re4 a3 34. bxa3 Rxa3 35. e6 fxe6 36. Rxe6 Bg7 37. Re3 Rca8 38. Rg3 R3a7 39. Rg5 Kh8 40. Bxg7+ Rxg7 41. Rc5 Rga7 42. Rxc4 Ra1 43. Rcc1 b2 44. Rxb2 Rxc1+ 45. Kh2 Rac8 46. Rb5 R8c5 47. Rb7 R1c2 48. Rf7 Kg8 49. Rf3 Kg7 50. g3 Kg6 51. g4 hxg4 52. hxg4 Kg5 53. Rf7 Kxg4 54. Rg7+ Rg5 55. Rf7 Rf5 56. Rg7+ Kf3 57. Rg3+ Ke2 58. Rg7 Rxf2+ 0-1

[Event "Budapest FS08 Nadassy"]
[Site "Budapest"]
[Date "2020.08.08"]
[Round "7.2"]
[White "Bolyki, Istvan"]
[Black "Bagi, Lajos"]
[Result "1/2-1/2"]
[WhiteElo "1799"]
[BlackElo "1777"]
[PlyCount "93"]
[EventDate "2020.08.01"]
[EventType "team-schev"]
[EventRounds "14"]
[EventCountry "HUN"]
[SourceTitle "EXT 2021"]
[Source "ChessBase"]
[SourceDate "2020.10.23"]
[SourceVersion "1"]
[SourceVersionDate "2020.10.23"]
[SourceQuality "1"]
[WhiteTeam "Team 1"]
[BlackTeam "Team 2"]
[WhiteTeamCountry "HUN"]
[BlackTeamCountry "HUN"]

1. e4 Nc6 2. Nc3 e5 3. Nf3 Nf6 4. Bb5 Nd4 5. Nxd4 exd4 6. e5 dxc3 7. exf6 cxd2+ 8. Bxd2 Qxf6 9. Bc3 Qe6+ 10. Be2 Bc5 11. 0-0 0-0 12. Bd3 d5 13. Re1 Qb6 14. Qf3 Be6 15. b4 Bd4 16. Bxd4 Qxd4 17. Qg3 Rac8 18. Rab1 g6 19. h3 Kg7 20. Kh1 Rfd8 21. f4 Qf6 22. f5 Bxf5 23. Rf1 Kh8 24. Bxf5 gxf5 25. Qd3 f4 26. Qd2 Rd6 27. Rxf4 Qh6 28. Qd4+ f6 29. Rbf1 Rf8 30. Qxa7 Qg6 31. R4f2 Rb6 32. Qa5 Qe4 33. Qc5 Rf7 34. Rf4 Qe6 35. Qf2 Qd6 36. Qh4 Qf8 37. Qh5 Rd6 38. Rd4 f5 39. Rdf4 Rdf6 40. Qd1 c6 41. Qd4 Kg8 42. b5 Qa3 43. bxc6 bxc6 44. Qa4 Ra7 45. Qd4 Raf7 46. Qa4 Ra7 47. Qb3 1/2-1/2

[Event "HUN-chT2 Toth 1718"]
[Site "Hungary"]
[Date "2018.01.28"]
[Round "7.6"]
[White "Martonosi, Adam"]
[Black "Bagi, Lajos"]
[Result "1-0"]
[WhiteElo "1861"]
[BlackElo "1822"]
[PlyCount "28"]
[EventDate "2017.09.24"]
[EventType "team-tourn"]
[EventRounds "11"]
[EventCountry "HUN"]
[SourceTitle "EXT 2021"]
[Source "ChessBase"]
[SourceDate "2020.10.23"]
[SourceVersion "1"]
[SourceVersionDate "2020.10.23"]
[SourceQuality "1"]
[WhiteTeam "Mako Duocor II"]
[BlackTeam "Kecskemet Toth Laszlo II"]
[WhiteTeamCountry "HUN"]
[BlackTeamCountry "HUN"]

1. c4 e6 2. g3 d5 3. Bg2 c5 4. cxd5 exd5 5. d4 Nf6 6. Nf3 Bd7 7. 0-0 Bc6 8. Nc3 Nbd7 9. Bf4 Nh5 10. Bg5 Be7 11. Bxe7 Kxe7 12. e4 cxd4 13. Nxd4 Qb6 14. exd5 Bxd5 1-0

[Event "HUN-chT2 Toth 1718"]
[Site "Hungary"]
[Date "2017.11.26"]
[Round "4.8"]
[White "Bagi, Lajos"]
[Black "Konya, Laszlo"]
[Result "1-0"]
[WhiteElo "1822"]
[BlackElo "2022"]
[PlyCount "127"]
[EventDate "2017.09.24"]
[EventType "team-tourn"]
[EventRounds "11"]
[EventCountry "HUN"]
[SourceTitle "EXT 2021"]
[Source "ChessBase"]
[SourceDate "2020.10.23"]
[SourceVersion "1"]
[SourceVersionDate "2020.10.23"]
[SourceQuality "1"]
[WhiteTeam "Kecskemet Toth Laszlo II"]
[BlackTeam "Karcag"]
[WhiteTeamCountry "HUN"]
[BlackTeamCountry "HUN"]

1. d4 d5 2. Nf3 c6 3. c4 e6 4. Nc3 f5 5. b3 Nf6 6. Bb2 Bd6 7. e3 0-0 8. Bd3 Bd7 9. 0-0 Be8 10. cxd5 cxd5 11. Ne5 Bh5 12. Qd2 Ne4 13. Nxe4 fxe4 14. Be2 Be8 15. Bg4 Qe7 16. f4 exf3 17. gxf3 Nc6 18. f4 Bb4 19. Qg2 Nxe5 20. dxe5 Bg6 21. Rf2 Kh8 22. Qh3 Bf5 23. Bxf5 Rxf5 24. a3 Bc5 25. b4 Bb6 26. Bd4 Bxd4 27. exd4 Raf8 28. Raf1 Qf7 29. Qe3 h6 30. h4 Rc8 31. Kh2 Rc4 32. Rg1 Qh5 33. Kh3 Rf7 34. Rd2 Qf5+ 35. Kg3 Rfc7 36. Rgd1 Rc3 37. Rd3 Rc2 38. Qf3 Ra2 39. R1d2 Rcc2 40. Rxc2 Rxc2 41. h5 Kh7 42. Qd1 Rc4 43. Re3 Kh8 44. Rd3 Qe4 45. Qd2 Qh1 46. Qh2 Qb1 47. Qe2 Rc2 48. Rd2 Qg1+ 49. Kh3 Rc4 50. Rd1 Rc3+ 51. Rd3 Qxd4 52. Rxc3 Qxc3+ 53. Kg4 a6 54. Qf2 Qd3 55. Qc5 Qf5+ 56. Kg3 Qf7 57. Qc8+ Kh7 58. Qc2+ g6 59. Kf3 Kg7 60. hxg6 Qxg6 61. Qc7+ Qf7 62. Qd8 Kg6 63. Qc8 Kf5 64. Qc2# 1-0

[Event "HUN-chT2 Toth 1617"]
[Site "Hungary"]
[Date "2016.11.27"]
[Round "5.7"]
[White "Varga, Laszlo"]
[Black "Bagi, Lajos"]
[Result "1/2-1/2"]
[WhiteElo "2126"]
[BlackElo "1852"]
[PlyCount "96"]
[EventDate "2016.09.25"]
[EventType "team-tourn"]
[EventRounds "11"]
[EventCountry "HUN"]
[SourceTitle "EXT 2021"]
[Source "ChessBase"]
[SourceDate "2020.10.23"]
[SourceVersion "1"]
[SourceVersionDate "2020.10.23"]
[SourceQuality "1"]
[WhiteTeam "Ujszasz"]
[BlackTeam "Kecskemet Toth Laszlo II"]
[WhiteTeamCountry "HUN"]
[BlackTeamCountry "HUN"]

1. d4 d5 2. Nf3 Nf6 3. e3 g6 4. c4 c6 5. Nc3 Bg7 6. Bd3 0-0 7. 0-0 Qc7 8. Ne5 Be6 9. b3 Nbd7 10. f4 Nxe5 11. fxe5 Nd7 12. Bb2 f6 13. cxd5 cxd5 14. Rc1 Qa5 15. exf6 Rxf6 16. Rxf6 Nxf6 17. Na4 Bh6 18. Qe1 Qxe1+ 19. Rxe1 b6 20. h3 Bf5 21. Ba6 Ne4 22. Nc3 Nxc3 23. Bxc3 Bc8 24. Bd3 Bb7 25. Bb4 e6 26. Kf2 a5 27. Bd6 Rc8 28. Ke2 Bf8 29. Bxf8 Kxf8 30. Kd2 Ke7 31. Be2 Rf8 32. Bf3 Kd6 33. Rc1 g5 34. Rc2 Ba6 35. a3 Bf1 36. Kc1 Bd3 37. Rd2 Rc8+ 38. Kb2 Bg6 39. Be2 Be4 40. Bd3 Bxd3 41. Rxd3 e5 42. dxe5+ Kxe5 43. Rd4 h5 44. Rd2 Rc5 45. Rd4 b5 46. b4 axb4 47. Rxb4 h4 48. Rg4 Kf5 1/2-1/2

[Event "HUN-chT2 Toth 1516"]
[Site "Hungary"]
[Date "2015.11.29"]
[Round "5.7"]
[White "Visnyei, Illes"]
[Black "Bagi, Lajos"]
[Result "1-0"]
[WhiteElo "1957"]
[BlackElo "1832"]
[PlyCount "117"]
[EventDate "2015.09.13"]
[EventType "team-tourn"]
[EventRounds "11"]
[EventCountry "HUN"]
[SourceTitle "CBM 170 Extra"]
[Source "ChessBase"]
[SourceDate "2016.02.25"]
[SourceVersion "1"]
[SourceVersionDate "2016.02.25"]
[SourceQuality "1"]
[WhiteTeam "Bekes"]
[BlackTeam "Toth Laszlo II"]
[WhiteTeamCountry "HUN"]
[BlackTeamCountry "HUN"]

1. d4 Nf6 2. e3 d5 3. Nd2 e6 4. f4 c5 5. c3 Nbd7 6. Ngf3 b6 7. Bd3 Bb7 8. 0-0 Be7 9. Ne5 Ne4 10. Nxe4 Nxe5 11. Nxc5 bxc5 12. fxe5 0-0 13. Qh5 g6 14. Qg4 c4 15. Bc2 h5 16. Qg3 Bh4 17. Qh3 Kg7 18. Bd2 Bc6 19. Rad1 Qe7 20. g3 Bg5 21. Qg2 Rab8 22. Bc1 h4 23. gxh4 Bxh4 24. Rf4 Rh8 25. Rdf1 Rbf8 26. b3 cxb3 27. Ba3 Qg5 28. Bxf8+ Rxf8 29. axb3 Qxg2+ 30. Kxg2 Bg5 31. R4f3 Bb5 32. Ra1 a6 33. e4 Be2 34. Rf2 Bb5 35. exd5 exd5 36. b4 Rc8 37. Rf3 Bd2 38. Bb3 Rxc3 39. Bxd5 Rxf3 40. Kxf3 Bc3 41. Rd1 Ba4 42. Rd3 Bxb4 43. Bb3 Bb5 44. Rd1 Bc3 45. Ke4 f5+ 46. exf6+ Kxf6 47. Rc1 Bd2 48. Rc2 Bb4 49. Bc4 Bd7 50. Rf2+ Bf5+ 51. Kd5 a5 52. Bd3 a4 53. Bxf5 gxf5 54. Re2 a3 55. Re6+ Kf7 56. Ra6 Ke7 57. Ke5 f4 58. Ke4 Bd6 59. h4 1-0

[Event "HUN-chT2 Toth 1415"]
[Site "Hungary"]
[Date "2015.03.01"]
[Round "9.8"]
[White "Varga, Laszlo"]
[Black "Bagi, Lajos"]
[Result "0-1"]
[WhiteElo "2166"]
[BlackElo "1861"]
[PlyCount "150"]
[EventDate "2014.09.07"]
[EventType "team-tourn"]
[EventRounds "11"]
[EventCountry "HUN"]
[SourceTitle "EXT 2016"]
[Source "ChessBase"]
[SourceDate "2015.10.08"]
[SourceVersion "1"]
[SourceVersionDate "2015.10.08"]
[SourceQuality "1"]
[WhiteTeam "Ujszasz"]
[BlackTeam "Toth Laszlo"]
[WhiteTeamCountry "HUN"]
[BlackTeamCountry "HUN"]

1. d4 Nf6 2. Nf3 e6 3. e3 c5 4. b3 b6 5. Bb2 Be7 6. Bd3 Bb7 7. Nbd2 d5 8. Ne5 Nbd7 9. 0-0 0-0 10. f4 Rc8 11. c4 Ne4 12. cxd5 exd5 13. Nxe4 dxe4 14. Bc4 Nf6 15. Qe2 Bd5 16. Ba6 Rc7 17. Rfd1 Qa8 18. Rac1 Bb7 19. Bc4 Bd5 20. h3 Rfc8 21. g4 cxd4 22. exd4 Ne8 23. Ba6 Rxc1 24. Rxc1 Rxc1+ 25. Bxc1 f6 26. Nc4 Qc6 27. Bb2 Nc7 28. Ne3 b5 29. Bc8 Bf7 30. Qc2 Qxc2 31. Nxc2 Nd5 32. f5 Nf4 33. h4 b4 34. Ne1 Bd5 35. Kf2 g5 36. h5 Kf7 37. Ba6 Bd6 38. Bc1 Ke7 39. Nc2 Nh3+ 40. Kf1 Nf4 41. Bd2 Nd3 42. Ne3 Ba8 43. h6 Kd7 44. Bc4 Bf8 45. Bg8 Bxh6 46. Bxh7 Bf8 47. Bg8 Bc6 48. Be6+ Kd6 49. Nc2 Kc7 50. Bc4 a5 51. d5 Bd7 52. Ke2 Ne5 53. Ke3 Bc5+ 54. Kxe4 Nxg4 55. a3 Nh6 56. axb4 Bxf5+ 57. Kf3 Bd6 58. Nd4 Bg4+ 59. Ke4 Bxb4 60. Bc1 Bh3 61. Nb5+ Kd7 62. Bb2 f5+ 63. Ke5 f4 64. Ke4 Bg2+ 65. Kd3 Nf5 66. Nd4 Bf1+ 67. Ke4 Nd6+ 68. Kf3 Nxc4 69. bxc4 Bxc4 70. Kg4 Bxd5 71. Kxg5 f3 72. Nxf3 Bxf3 73. Kf4 Be2 74. Ke3 Ba6 75. Kd4 Kc6 0-1

[Event "HUN-chT2 Toth 1415"]
[Site "Hungary"]
[Date "2014.11.30"]
[Round "5.10"]
[White "Leszko, Bence"]
[Black "Bagi, Lajos"]
[Result "1-0"]
[WhiteElo "1910"]
[BlackElo "1861"]
[PlyCount "116"]
[EventDate "2014.09.07"]
[EventType "team-tourn"]
[EventRounds "11"]
[EventCountry "HUN"]
[SourceTitle "EXT 2016"]
[Source "ChessBase"]
[SourceDate "2015.10.08"]
[SourceVersion "1"]
[SourceVersionDate "2015.10.08"]
[SourceQuality "1"]
[WhiteTeam "Oroshaza"]
[BlackTeam "Toth Laszlo"]
[WhiteTeamCountry "HUN"]
[BlackTeamCountry "HUN"]

1. e4 c5 2. Nf3 a6 3. c3 e6 4. d3 Nc6 5. g3 Be7 6. Bg2 b5 7. 0-0 Bb7 8. Nbd2 Qc7 9. a4 Nf6 10. h3 0-0 11. Nh2 d5 12. f4 dxe4 13. Nxe4 Rad8 14. Qe2 b4 15. Be3 bxc3 16. bxc3 Na5 17. Rab1 Nd5 18. Qf2 Nxe3 19. Qxe3 c4 20. d4 Nb3 21. Nf3 Bc6 22. Ne5 Bxa4 23. f5 exf5 24. Rxf5 f6 25. Ng4 Kh8 26. Nh2 g6 27. Rf2 Rde8 28. Rbf1 f5 29. Qh6 Qd8 30. Qf4 fxe4 31. Qe5+ Kg8 32. Qe6+ Kg7 33. Rf7+ Rxf7 34. Rxf7+ Kh8 35. Qe5+ Bf6 36. Qxf6+ Qxf6 37. Rxf6 e3 38. Nf3 e2 39. Kf2 Nc1 40. Ne5 Bd1 41. Be4 Kg7 42. Rf7+ Kg8 43. Rf4 g5 44. Rf5 h6 45. Bd5+ Kh8 46. Bxc4 Bc2 47. Rf6 Bd3 48. Bxd3 e1Q+ 49. Kxe1 Nxd3+ 50. Kd2 Nxe5 51. dxe5 Kg7 52. Rxa6 Rxe5 53. c4 Rf5 54. Ke3 h5 55. Ke4 Rc5 56. Kd4 Rf5 57. c5 Rf3 58. c6 Rxg3 1-0

[Event "HUN-chT2 Toth 1415"]
[Site "Hungary"]
[Date "2014.11.16"]
[Round "4.1"]
[White "Nagy, Viktor"]
[Black "Bagi, Lajos"]
[Result "1-0"]
[WhiteElo "1650"]
[BlackElo "1861"]
[PlyCount "75"]
[EventDate "2014.09.07"]
[EventType "team-tourn"]
[EventRounds "11"]
[EventCountry "HUN"]
[SourceTitle "EXT 2016"]
[Source "ChessBase"]
[SourceDate "2015.10.08"]
[SourceVersion "1"]
[SourceVersionDate "2015.10.08"]
[SourceQuality "1"]
[WhiteTeam "Szentes"]
[BlackTeam "Toth Laszlo"]
[WhiteTeamCountry "HUN"]
[BlackTeamCountry "HUN"]

1. e4 c5 2. Nf3 a6 3. c3 e6 4. d4 d5 5. e5 Nc6 6. Be2 Nge7 7. Bg5 h6 8. Bh4 cxd4 9. Bxe7 Bxe7 10. cxd4 Bd7 11. 0-0 0-0 12. Nc3 b5 13. Bd3 Qb6 14. Rc1 Rac8 15. Bb1 g6 16. Qd2 Kg7 17. Ne2 Rc7 18. h4 f5 19. Qf4 Nd8 20. Rxc7 Qxc7 21. Rc1 Nc6 22. Qg3 Qd8 23. Nf4 Qe8 24. Rxc6 Bxc6 25. Nxe6+ Kh7 26. Nxf8+ Qxf8 27. Qf4 Qd8 28. h5 Bg5 29. hxg6+ Kg7 30. Qxf5 Be8 31. Nxg5 hxg5 32. f4 gxf4 33. Qh5 Kf8 34. Qh7 Qg5 35. Qh8+ Ke7 36. g7 Bf7 37. Qf8+ Ke6 38. Qd6# 1-0

[Event "HUN-chT2 Toth 1314"]
[Site "Hungary"]
[Date "2014.02.02"]
[Round "6.7"]
[White "Bagi, Lajos"]
[Black "Lorinczy, Laszlo"]
[Result "1-0"]
[WhiteElo "1855"]
[BlackElo "1876"]
[PlyCount "143"]
[EventDate "2013.09.08"]
[EventType "team-tourn"]
[EventRounds "11"]
[EventCountry "HUN"]
[SourceTitle "EXT 2016"]
[Source "ChessBase"]
[SourceDate "2015.10.08"]
[SourceVersion "1"]
[SourceVersionDate "2015.10.08"]
[SourceQuality "1"]
[WhiteTeam "Toth Laszlo II"]
[BlackTeam "Abony"]
[WhiteTeamCountry "HUN"]
[BlackTeamCountry "HUN"]

1. c4 Nf6 2. Nc3 d5 3. cxd5 Nxd5 4. e4 Nxc3 5. bxc3 e5 6. Bc4 Bd6 7. Nf3 0-0 8. 0-0 c5 9. Bd5 Nc6 10. d3 Bg4 11. h3 Bxf3 12. Qxf3 Qd7 13. Rb1 Rab8 14. Qg3 Kh8 15. Be3 Ne7 16. c4 Nxd5 17. cxd5 b5 18. f4 f6 19. f5 a5 20. Rfc1 Rfc8 21. Qe1 b4 22. Qd1 a4 23. Rc4 Rc7 24. Qc2 Rbc8 25. g4 Qe8 26. Qd1 h6 27. Kf2 a3 28. Kg3 Be7 29. h4 Qb5 30. Qd2 Qe8 31. Qh2 Bd6 32. g5 Be7 33. g6 Bd6 34. Qd2 Bf8 35. Qc2 Qd7 36. Rc1 Qb5 37. Qb3 Qd7 38. R1c2 Be7 39. Qb1 Bf8 40. Qc1 Qb5 41. Bd2 Bd6 42. Kf3 Qb6 43. Be3 Qb5 44. Rg2 Qb7 45. h5 Bf8 46. Ke2 b3 47. axb3 Qxb3 48. Rc3 Qb2+ 49. Kf3 Qxc1 50. Bxc1 c4 51. Bxa3 Bxa3 52. Rxa3 cxd3 53. Rxd3 Kg8 54. Ra2 Kf8 55. Ra6 Rd7 56. Ke3 Ke7 57. Rda3 Rcc7 58. Ra8 Rb7 59. Rc3 Rdc7 60. Kd3 Rxc3+ 61. Kxc3 Rc7+ 62. Kb4 Rb7+ 63. Kc5 Rc7+ 64. Kb6 Rc4 65. Ra7+ Kd6 66. Rxg7 Rxe4 67. Kb5 Rf4 68. Rf7 Kxd5 69. Rxf6 Rg4 70. Rc6 e4 71. f6 e3 72. f7 1-0

[Event "HUN-chT2 Toth 1314"]
[Site "Hungary"]
[Date "2013.11.03"]
[Round "4.7"]
[White "Mohacsi, Imre"]
[Black "Bagi, Lajos"]
[Result "1-0"]
[WhiteElo "1975"]
[BlackElo "1855"]
[PlyCount "71"]
[EventDate "2013.09.08"]
[EventType "team-tourn"]
[EventRounds "11"]
[EventCountry "HUN"]
[SourceTitle "EXT 2016"]
[Source "ChessBase"]
[SourceDate "2015.10.08"]
[SourceVersion "1"]
[SourceVersionDate "2015.10.08"]
[SourceQuality "1"]
[WhiteTeam "Karcag"]
[BlackTeam "Toth Laszlo II"]
[WhiteTeamCountry "HUN"]
[BlackTeamCountry "HUN"]

1. e4 e6 2. d4 d5 3. Nc3 Nf6 4. Bg5 Be7 5. e5 Nfd7 6. h4 a6 7. f4 h6 8. Bxe7 Qxe7 9. Qg4 f5 10. Qh5+ Qf7 11. Qf3 Nc6 12. 0-0-0 b5 13. Nge2 Bb7 14. g4 g6 15. h5 Ne7 16. hxg6 Qxg6 17. Rg1 Qf7 18. Bh3 0-0-0 19. Rg3 fxg4 20. Rxg4 Kb8 21. Rdg1 Rdg8 22. Nd1 c5 23. Ne3 cxd4 24. Nxd4 Nxe5 25. fxe5 Qxf3 26. Nxf3 Rf8 27. Nd4 h5 28. Rg7 Nc6 29. Nxc6+ Bxc6 30. Bxe6 d4 31. Nf5 h4 32. Nxd4 Be4 33. Bh3 Rf2 34. Rg8+ Rxg8 35. Rxg8+ Kb7 36. Rg4 1-0

[Event "HUN-chT2 Toth 1112"]
[Site "Hungary"]
[Date "2012.05.20"]
[Round "11.8"]
[White "Bagi, Lajos"]
[Black "Banyai, Istvan"]
[Result "0-1"]
[WhiteElo "1901"]
[BlackElo "1968"]
[PlyCount "106"]
[EventDate "2011.09.25"]
[EventType "team-tourn"]
[EventRounds "11"]
[EventCountry "HUN"]
[SourceTitle "EXT 2013"]
[Source "ChessBase"]
[SourceDate "2012.11.22"]
[SourceVersion "1"]
[SourceVersionDate "2012.11.22"]
[SourceQuality "1"]
[WhiteTeam "Toth Laszlo"]
[BlackTeam "Gyula"]
[WhiteTeamCountry "HUN"]
[BlackTeamCountry "HUN"]

1. e4 c6 2. d4 d5 3. Nc3 dxe4 4. Nxe4 Bf5 5. Ng3 Bg6 6. Bc4 e6 7. N1e2 Nf6 8. Nf4 Bd6 9. 0-0 Bxf4 10. Bxf4 0-0 11. c3 Nbd7 12. Qf3 Nb6 13. Bb3 Nfd5 14. Be3 a5 15. Rac1 a4 16. Bc2 f5 17. Ne2 Nc4 18. b3 Ndxe3 19. bxc4 Nxf1 20. Kxf1 Qh4 21. Rb1 Bh5 22. Qe3 Bxe2+ 23. Qxe2 Qxh2 24. f3 Qh1+ 25. Kf2 Qh4+ 26. Kg1 Qe7 27. Rb4 Kh8 28. Qe5 a3 29. c5 Ra7 30. Bb3 Re8 31. Bc4 Ra5 32. Rb1 b5 33. Bb3 Ra7 34. Re1 Qh4 35. g3 Qg5 36. Re3 Rae7 37. f4 Qf6 38. Qd6 g5 39. fxg5 Qxg5 40. Qe5+ Qg7 41. Qf4 e5 42. Qxf5 exd4 43. Rxe7 Qxe7 44. cxd4 Qe3+ 45. Qf2 Kg7 46. d5 cxd5 47. c6 Qxf2+ 48. Kxf2 d4 49. Bc2 Re6 50. c7 Rc6 51. Bb3 Rxc7 52. Kf3 Rc3+ 53. Ke4 Rxb3 0-1

[Event "HUN-chT2 Erkel 1011"]
[Site "Hungary"]
[Date "2011.05.01"]
[Round "10.5"]
[White "Frink, Ferenc"]
[Black "Bagi, Lajos"]
[Result "1-0"]
[WhiteElo "2205"]
[BlackElo "1878"]
[PlyCount "61"]
[EventDate "2010.09.12"]
[EventType "team-tourn"]
[EventRounds "11"]
[EventCountry "HUN"]
[SourceTitle "EXT 2012"]
[Source "ChessBase"]
[SourceDate "2011.11.24"]
[SourceVersion "1"]
[SourceVersionDate "2011.11.24"]
[SourceQuality "1"]
[WhiteTeam "Matra"]
[BlackTeam "Toth Laszlo"]
[WhiteTeamCountry "HUN"]
[BlackTeamCountry "HUN"]

1. e4 d5 2. e5 c5 3. b4 Qc7 4. f4 e6 5. bxc5 Bxc5 6. d4 Bb4+ 7. Bd2 Bxd2+ 8. Nxd2 Ne7 9. Bd3 Nf5 10. Bxf5 exf5 11. Ne2 Nc6 12. 0-0 Na5 13. Rf3 Bd7 14. Rb1 b6 15. Nc3 Rc8 16. Rg3 Qb7 17. Qf3 Qc6 18. Nxd5 Qxc2 19. Rxg7 Qxd2 20. Nf6+ Ke7 21. Qa3+ Kd8 22. Rxf7 Qxd4+ 23. Kh1 Rc3 24. Rxd7+ Qxd7 25. Qxc3 Qa4 26. Rc1 Ke7 27. Qc7+ Ke6 28. Qd6+ Kf7 29. Rc7+ Kg6 30. Ng4+ Kh5 31. Qh6+ 1-0